| 000 | 01590nam a2200361 a 4500 | ||
|---|---|---|---|
| 001 | ebr10285492 | ||
| 003 | CaPaEBR | ||
| 006 | m u | ||
| 007 | cr cn||||||||| | ||
| 008 | 090514s2008 ne a sb 101 0 eng d | ||
| 010 | _z 2008940898 | ||
| 020 | _z9781586039493 | ||
| 040 |
_aCaPaEBR _cCaPaEBR |
||
| 035 | _a(OCoLC)608623513 | ||
| 050 | 1 | 4 |
_aRS401 _b.S65 2007eb |
| 111 | 2 |
_aSolvay Pharmaceuticals Conference on Medicinal Chemistry _d(2007 : _cGarmisch-Partenkirchen, Germany) |
|
| 245 | 1 | 0 |
_aTowards drugs of the future _h[electronic resource] : _bkey issues in lead finding and lead optimization / _cedited by C.G. Kruse and H. Timmerman. |
| 260 |
_aAmsterdam : _bIOS Press, _c2008. |
||
| 300 |
_aix, 129 p. : _bill. (some col.). |
||
| 490 | 1 |
_aSolvay Pharmaceuticals Conferences, _x1566-7685 ; _vv. 9 |
|
| 504 | _aIncludes bibliographical references and index. | ||
| 533 |
_aElectronic reproduction. _bPalo Alto, Calif. : _cebrary, _d2013. _nAvailable via World Wide Web. _nAccess may be limited to ebrary affiliated libraries. |
||
| 650 | 0 |
_aPharmaceutical chemistry _vCongresses. |
|
| 650 | 0 |
_aDrug development _vCongresses. |
|
| 650 | 0 |
_aPharmaceutical industry _vCongresses. |
|
| 655 | 7 |
_aElectronic books. _2local |
|
| 700 | 1 |
_aKruse, C. G. _q(Chris G.), _d1952- |
|
| 700 | 1 |
_aTimmerman, H. _q(Hendrick) |
|
| 710 | 2 | _aSolvay Pharmaceuticals. | |
| 710 | 2 | _aebrary, Inc. | |
| 830 | 0 |
_aSolvay Pharmaceuticals Conferences ; _vv. 9. |
|
| 856 | 4 | 0 |
_uhttp://site.ebrary.com/lib/rucke/Doc?id=10285492 _zAn electronic book accessible through the World Wide Web; click to view |
| 999 |
_c1967 _d1967 |
||